1648 1984 1879 1551 1608 1250 1121 1954 1582 1027 1171 1875 1789 1476 1905 1407 1272 1808 1312 1460 1820 1686 1020 1901 1499 1929 1420 1615 1969 1469 1040 1425 1267 1463 1593 1499 1633 1353 1826 1255 1183 1995 1987 1812 1699 1827 1157 1052 1485 1003 1438 1490 1688 1725 1098 1838 1163 1885 1441 1104 1977 1881 1183 1558 1448 1747 1065 1958 1080 1266 1663 1459 1937 1977 1039 1519 1012 1150 1331 1865 1271 1665 1849 1089 1305 1106 1461 1795 1911 1776 1852 1968 1694 1059 1827 1805 1536 1434 1092 BCNSPRNW ULIB Ver.6.0+V

เปลี่ยนเป็นภาษาไทย

Change to English
 แสดงรายละเอียดบรรณานุกรม
  กลับหน้าหลัก

Brief Record : Get Marc (ISO 2709) : E-mail record : QR code < ปิดหน้าต่าง
LEADER : 00000nam 2200000uu 4500
001    13399114441
003     ULIB
008    120402s2552||||th 000 0 tha d
020    ^a9786117017216
090    ^aนว.^bก791ข
100 0  ^aแก้วชวาลา
245 00 ^aข้ามฟ้ามาอ้อนรัก/^cแก้วชวาลา
250    ^aพิมพ์ครั้งที่ 1
260    ^aกรุงเทพฯ :^bอักษรศาสตร์,^c2552
300    ^a293 หน้า
710 1  ^aอักษรศาสตร์
945    ^p249^l0^i15938
995    ^aกัณชพร
999    ^aใช้งานได้ทุกระบบ
รายการนี้ยังไม่มีแท็ก
คุณยังไม่ได้ล็อกอิน คุณสามารถมีกิจกรรมร่วมกับเว็บไซต์ได้ แต่ต้องล็อกอินก่อน ::
  ล็อกอิน

รายการสื่อสารสนเทศ

ลำดับที่ ประเภท เลขเรียก/บาร์โค้ด สถานที่ สถานะ
1. นวนิยาย
นวนิยาย
นว. ก791ข  
  Barcode: 15938
ห้องสมุดวิทยาเขตสวรรค์ประชารักษ์
►นวนิยาย
บนชั้น
  ขอยืม

รายการใกล้เคียง
    ผู้แต่ง [แก้วชวาลา]

BibComment


ยังไม่เคยถูกคอมเมนท์

คอมเมนท์ทรัพยากรรายการนี้
  คอมเมนท์: ข้ามฟ้ามาอ้อนรัก..


 Copyright 2026. Bcnsprnw @Library